| 000 | 00393cam a2200169ua 4500 | ||
|---|---|---|---|
| 041 |
_aeng _h |
||
| 082 |
_a828.09 _bLEW/PO |
||
| 100 | _aLewis , Day C. | ||
| 245 |
_aPoetic image / _cDay C Lewis. _hTextual Documents |
||
| 250 |
_a1 / _b. |
||
| 260 |
_aLondon : _bJonathan Cape , _c1961. |
||
| 300 | _a157 ; . | ||
| 504 | _a | ||
| 942 | _cBK | ||
| 999 |
_c3494 _d3494 |
||